Jugoslawien

Kaydedildi:
Detaylı Bibliyografya
Yazar: Werner Markert
Materyal Türü: Kitap
Dil:Undetermined
Baskı/Yayın Bilgisi: Koln Bohlau 1954
Konular:
Etiketler: Etiketle
Etiket eklenmemiş, İlk siz ekleyin!
Thư viện lưu trữ: Trung tâm Học liệu Trường Đại học Cần Thơ
LEADER 00411nam a2200169Ia 4500
001 CTU_84837
008 210402s9999 xx 000 0 und d
082 |a 949.702 
082 |b M345 
100 |a Werner Markert 
245 0 |a Jugoslawien 
245 0 |c Werner Markert 
260 |a Koln 
260 |b Bohlau 
260 |c 1954 
650 |a Yugoslavia 
980 |a Trung tâm Học liệu Trường Đại học Cần Thơ